[Event "Charity Cup KO 2022"]
[Site "chess24.com INT"]
[Date "2022.03.23"]
[Round "1.11"]
[White "Le, Quang Liem"]
[Black "Navara, David"]
[Result "1-0"]
[WhiteTitle "GM"]
[BlackTitle "GM"]
[WhiteElo "2709"]
[BlackElo "2700"]
[WhiteFideId "12401137"]
[BlackFideId "309095"]
[EventDate "2022.03.23"]
[EventType "k.o."]

1. Nf3 d5 2. d4 Nf6 3. c4 e6 4. Nc3 Bb4 5. Qa4+ Nc6 6. a3 Bxc3+ 7. bxc3 Bd7 8.
cxd5 exd5 9. Bg5 h6 10. Bh4 O-O 11. e3 Re8 12. Qc2 g5 13. Bg3 Ne4 14. Nd2 Bf5
15. Nxe4 Bxe4 16. Qd1 Qd7 17. h4 g4 18. h5 Kh7 19. Rh4 Rg8 20. Be2 Bf5 21. c4
Na5 22. cxd5 Qxd5 23. Rc1 b6 24. Bxg4 Rxg4 25. Rxg4 Qxg2 26. Rf4 Qh1+ 27. Kd2
Qd5 28. Rxc7 Nb3+ 29. Ke2 Be6 30. Qd3+ Kg8 31. f3 Qxh5 32. Kf2 Rf8 33. d5 Qxd5
34. Rg4+ Kh8 35. Qxd5 Bxd5 36. Be5+ f6 37. Bc3 Nc5 38. Rg6 Nd3+ 39. Ke2 Ne5 40.
Rxf6 1-0

[Event "Charity Cup KO 2022"]
[Site "chess24.com INT"]
[Date "2022.03.23"]
[Round "1.11"]
[White "Anton Guijarro, David"]
[Black "Duda, Jan-Krzysztof"]
[Result "0-1"]
[WhiteTitle "GM"]
[BlackTitle "GM"]
[WhiteElo "2694"]
[BlackElo "2750"]
[WhiteFideId "2285525"]
[BlackFideId "1170546"]
[EventDate "2022.03.23"]
[EventType "k.o."]

1. e4 e5 2. Nf3 Nc6 3. Bb5 Nf6 4. O-O Nxe4 5. Re1 Nd6 6. a4 Be7 7. Nc3 O-O 8. d4
e4 9. Nxe4 Nxe4 10. Rxe4 a6 11. Bf1 d5 12. Re1 Bf5 13. c3 Qd7 14. b4 Bd6 15. b5
axb5 16. Bxb5 Qc8 17. Ba3 Bxa3 18. Rxa3 Na5 19. Ra2 c6 20. Bf1 Re8 21. Rxe8+
Qxe8 22. Re2 Qf8 23. Re5 Be4 24. Bd3 f6 25. Rxe4 dxe4 26. Bxe4 g6 27. h4 Nc4 28.
h5 Nd6 29. Bc2 Kg7 30. hxg6 hxg6 31. Nh4 f5 32. Nf3 Qf6 33. g3 Rh8 34. Qe1 Re8
35. Qc1 Nf7 36. Kg2 c5 37. Bb3 Qc6 38. Bxf7 Kxf7 39. Qh6 cxd4 40. cxd4 Qe4 41.
a5 Rc8 42. Qh7+ Kf6 43. Qh6 Ra8 44. Qh7 Rxa5 45. Qh8+ Ke7 46. Qg7+ Kd8 47. Qxg6
Kc7 48. Qg7+ Kb6 49. Qf8 Qd5 50. Qb4+ Rb5 51. Qd2 Rb3 52. Qd1 Ra3 53. Qe2 Ka7
54. Qd1 b5 55. Qe2 Ka6 56. Qd1 b4 57. Qe2+ Kb6 0-1

[Event "Charity Cup KO 2022"]
[Site "chess24.com INT"]
[Date "2022.03.23"]
[Round "1.11"]
[White "Ding, Liren"]
[Black "Van Foreest, Jorden"]
[Result "1-0"]
[WhiteTitle "GM"]
[BlackTitle "GM"]
[WhiteElo "2799"]
[BlackElo "2714"]
[WhiteFideId "8603677"]
[BlackFideId "1039784"]
[EventDate "2022.03.23"]
[EventType "k.o."]

1. d4 d5 2. c4 dxc4 3. Nf3 Nf6 4. e3 e6 5. Bxc4 c5 6. O-O Nc6 7. Nc3 a6 8. Bd3
cxd4 9. exd4 Be7 10. Re1 O-O 11. a3 b5 12. Bb1 Bb7 13. Qd3 Na5 14. Bg5 g6 15.
Ba2 Nc4 16. Bxc4 bxc4 17. Qxc4 Bxf3 18. gxf3 Qd7 19. Rad1 Rfc8 20. Qa4 Qb7 21.
d5 exd5 22. Rxe7 Qxe7 23. Nxd5 Nxd5 24. Bxe7 Nxe7 25. Rd7 Nf5 26. Qb3 Rc1+ 27.
Kg2 Rf8 28. Qd3 Kg7 29. Qxa6 Nh4+ 30. Kh3 Nxf3 31. Qd3 Ng5+ 32. Kg2 Ne6 33. Qe3
Rc6 34. b4 g5 35. b5 Nf4+ 36. Qxf4 gxf4 37. bxc6 Rc8 38. c7 Kf6 39. Rd6+ Ke7 40.
Rc6 Kd7 41. Rc4 Rg8+ 42. Kf3 Kc8 43. a4 Rg1 44. Rxf4 Kxc7 45. Rxf7+ 1-0

[Event "Charity Cup KO 2022"]
[Site "chess24.com INT"]
[Date "2022.03.23"]
[Round "1.11"]
[White "Carlsen, Magnus"]
[Black "Niemann, Hans Moke"]
[Result "1/2-1/2"]
[WhiteTitle "GM"]
[BlackTitle "GM"]
[WhiteElo "2864"]
[BlackElo "2642"]
[WhiteFideId "1503014"]
[BlackFideId "2093596"]
[EventDate "2022.03.23"]
[EventType "k.o."]

1. Nf3 d5 2. g3 g6 3. Bg2 Bg7 4. d4 Nf6 5. O-O O-O 6. c4 c6 7. b3 Bf5 8. Bb2 a6
9. Nc3 Nbd7 10. e3 Ne4 11. Rc1 Rc8 12. Qe2 Ndf6 13. Ne5 Nxc3 14. Bxc3 Ne4 15.
Bb2 Qa5 16. f3 Nf6 17. e4 Be6 18. Nd3 Bh6 19. Bc3 Qd8 20. Rcd1 b6 21. Nf2 dxc4
22. bxc4 b5 23. d5 cxd5 24. cxd5 Rxc3 25. dxe6 Qc7 26. f4 fxe6 27. e5 Nd5 28.
Bxd5 exd5 29. Rxd5 Bxf4 30. gxf4 Rxf4 31. Nd3 Rxf1+ 32. Qxf1 Rc2 33. Qf3 Kg7 34.
Nf4 Rc1+ 35. Kg2 Qc2+ 36. Ne2 Re1 37. Kf2 Qb1 38. Qd3 Rf1+ 39. Ke3 Qe1 40. e6
Qf2+ 41. Kd2 Qe1+ 42. Ke3 Qf2+ 43. Kd2 Qe1+ 44. Ke3 1/2-1/2

[Event "Charity Cup KO 2022"]
[Site "chess24.com INT"]
[Date "2022.03.23"]
[Round "1.12"]
[White "Navara, David"]
[Black "Le, Quang Liem"]
[Result "1-0"]
[WhiteTitle "GM"]
[BlackTitle "GM"]
[WhiteElo "2700"]
[BlackElo "2709"]
[WhiteFideId "309095"]
[BlackFideId "12401137"]
[EventDate "2022.03.23"]
[EventType "k.o."]

1. d4 Nf6 2. c4 e6 3. Nf3 d5 4. Nc3 Bb4 5. Qa4+ Nc6 6. e3 O-O 7. Bd2 dxc4 8.
Bxc4 Bd6 9. Qc2 a6 10. a3 e5 11. dxe5 Nxe5 12. Nxe5 Bxe5 13. f4 Bxc3 14. Bxc3
Ng4 15. Bd4 c5 16. Bxc5 Re8 17. O-O Nxe3 18. Bxe3 Rxe3 19. Rae1 Re7 20. Rxe7
Qxe7 21. Bd5 Bg4 22. h3 Be6 23. Re1 Qh4 24. Qe4 Rf8 25. f5 Qxe4 26. Bxe4 Bd7 27.
Bxb7 Rb8 28. Bxa6 Rxb2 29. Re7 Bc6 30. Rc7 Be8 31. Rb7 Rxb7 32. Bxb7 Kf8 33. f6
gxf6 34. Be4 h6 35. Bc2 Ke7 36. Kf2 Kd6 37. Ke3 Kc5 38. Bb3 Bc6 39. g4 Bd7 40.
Kf4 Be6 41. Bc2 Kc4 42. a4 Kb4 43. Kg3 Kc3 44. Bf5 Kb4 45. Kh4 Kxa4 46. Kh5 Kb4
47. Kxh6 Kc5 48. Kg7 1-0

[Event "Charity Cup KO 2022"]
[Site "chess24.com INT"]
[Date "2022.03.23"]
[Round "1.12"]
[White "Duda, Jan-Krzysztof"]
[Black "Anton Guijarro, David"]
[Result "1-0"]
[WhiteTitle "GM"]
[BlackTitle "GM"]
[WhiteElo "2750"]
[BlackElo "2694"]
[WhiteFideId "1170546"]
[BlackFideId "2285525"]
[EventDate "2022.03.23"]
[EventType "k.o."]

1. e4 e5 2. Nf3 Nc6 3. Bb5 a6 4. Ba4 Nf6 5. d3 Bc5 6. Bxc6 dxc6 7. Nc3 Qe7 8. h3
a5 9. a4 b6 10. Ne2 Nd7 11. Ng3 g6 12. O-O Ba6 13. Re1 O-O-O 14. Be3 h5 15. Bxc5
Nxc5 16. Qd2 h4 17. Nf1 Nd7 18. Ne3 Rh5 19. Qc3 Kb7 20. Ra3 f6 21. Nc4 Qb4 22.
Nxa5+ bxa5 23. Rb3 c5 24. Rxb4+ cxb4 25. Qb3 Rh7 26. Qd5+ c6 27. Qxa5 1-0

[Event "Charity Cup KO 2022"]
[Site "chess24.com INT"]
[Date "2022.03.23"]
[Round "1.12"]
[White "Van Foreest, Jorden"]
[Black "Ding, Liren"]
[Result "1/2-1/2"]
[WhiteTitle "GM"]
[BlackTitle "GM"]
[WhiteElo "2714"]
[BlackElo "2799"]
[WhiteFideId "1039784"]
[BlackFideId "8603677"]
[EventDate "2022.03.23"]
[EventType "k.o."]

1. e4 e6 2. d4 d5 3. Nc3 Nf6 4. Bg5 dxe4 5. Nxe4 Nbd7 6. Nf3 h6 7. Bxf6 Nxf6 8.
Bd3 c5 9. Qe2 Nxe4 10. Bxe4 Qa5+ 11. c3 cxd4 12. Nxd4 g6 13. O-O-O Bg7 14. Nc6
Qg5+ 15. Kb1 O-O 16. h4 Qc5 17. Qe3 Qxe3 18. Ne7+ Kh8 19. fxe3 Bf6 20. Nxc8
Raxc8 21. Rd7 b5 22. Rxa7 b4 23. cxb4 Rc4 24. Bc2 Rxb4 25. Bb3 Kg7 26. Ra4 Rfb8
27. Rxb4 Rxb4 28. Rc1 Bxh4 29. Bc4 Bg5 30. a3 Ra4 31. Rc3 Bf6 32. Rc2 Ra5 33.
Ka2 Be7 34. Bd3 h5 35. Rc7 Kf6 36. Rc4 Rd5 37. Be4 Rc5 38. Rd4 Ke5 39. b4 Rc3
40. Bd3 f5 41. Kb2 Rc8 42. Ba6 Rd8 43. Kc3 Ra8 44. b5 Bxa3 45. Kc4 Ra7 46. Kd3
Bc5 47. Rc4 Rc7 48. Ke2 g5 49. g3 g4 50. Rc1 Kf6 51. Rh1 Kg5 52. Rc1 h4 53.
gxh4+ Kxh4 54. Rh1+ Kg3 55. Rh6 e5 56. b6 Bxb6 57. Rxb6 f4 58. exf4 exf4 59. Rg6
f3+ 60. Ke3 Re7+ 61. Kd2 f2 62. Be2 Re4 63. Bxg4 Rxg4 64. Rxg4+ Kxg4 65. Ke2 Kg3
66. Kf1 Kf3 1/2-1/2

[Event "Charity Cup KO 2022"]
[Site "chess24.com INT"]
[Date "2022.03.23"]
[Round "1.12"]
[White "Niemann, Hans Moke"]
[Black "Carlsen, Magnus"]
[Result "0-1"]
[WhiteTitle "GM"]
[BlackTitle "GM"]
[WhiteElo "2642"]
[BlackElo "2864"]
[WhiteFideId "2093596"]
[BlackFideId "1503014"]
[EventDate "2022.03.23"]
[EventType "k.o."]

1. d4 e6 2. c4 f5 3. g3 Nf6 4. Bg2 d5 5. Nf3 Bd6 6. O-O O-O 7. c5 Be7 8. Qc2 Nc6
9. a3 a5 10. Nc3 Ne4 11. Rd1 Bf6 12. Rb1 Bd7 13. b4 axb4 14. axb4 Be8 15. b5 Na5
16. Nd2 Nxd2 17. Qxd2 Nc4 18. Qd3 c6 19. b6 e5 20. Nxd5 cxd5 21. dxe5 Nxe5 22.
Qxd5+ Qxd5 23. Bxd5+ Rf7 24. Bb2 Kf8 25. Bxf7 Kxf7 26. Rd5 Ke6 27. Rd6+ Ke7 28.
Ra1 Rxa1+ 29. Bxa1 Nd7 30. Bxf6+ Nxf6 31. f3 Bc6 32. Rd2 Nd7 33. Rc2 Ke6 34. Kf2
Kd5 35. Ke3 Nxc5 36. Kf4 Ne6+ 37. Ke3 Kd6 38. h4 h6 39. h5 Be8 40. g4 fxg4 41.
fxg4 Bd7 42. Rc1 Ke5 43. Rc3 Nf4 44. Kf2 Nd5 45. Rg3 Nf6 46. Kf3 Bc6+ 47. Ke3
Nd5+ 48. Kf2 Kf4 49. Rf3+ Kxg4 50. Rg3+ Kxh5 51. Rxg7 Nxb6 52. Kg3 Nc4 53. Kf4
Nd6 54. Re7 Ne4 55. Re5+ Ng5 56. Re7 Kg6 57. Re5 Kf6 58. Rf5+ Ke6 59. Re5+ Kd6
60. Rf5 Ne6+ 61. Ke3 Be8 62. Kd2 h5 63. e4 h4 64. Ke3 h3 65. Rf3 Ng5 66. Rf6+
Ke7 67. Rh6 Bd7 68. Kf4 Nf7 69. Rb6 Bc6 70. Rb3 h2 71. Rh3 Bxe4 72. Rxh2 Bd5 73.
Ke3 Kd6 74. Kd4 Nd8 75. Rh6+ Ne6+ 76. Kc3 Kc5 77. Rh8 Nd4 78. Rh4 Nc6 79. Rh5 b5
80. Rg5 b4+ 81. Kb2 Na5 82. Kc2 Nc4 83. Kb3 Nb6+ 84. Kc2 b3+ 85. Kc1 Kb4 86. Rh5
Ka3 87. Rh3 Ka2 88. Rh2+ Ka1 89. Rd2 Bc4 90. Rd1 b2+ 91. Kc2+ Ka2 92. Kc3 b1=Q
93. Rxb1 Kxb1 94. Kb4 Bf7 95. Kc5 Nd5 0-1

[Event "Charity Cup KO 2022"]
[Site "chess24.com INT"]
[Date "2022.03.23"]
[Round "1.13"]
[White "Le, Quang Liem"]
[Black "Navara, David"]
[Result "1-0"]
[WhiteTitle "GM"]
[BlackTitle "GM"]
[WhiteElo "2709"]
[BlackElo "2700"]
[WhiteFideId "12401137"]
[BlackFideId "309095"]
[EventDate "2022.03.23"]
[EventType "k.o."]

1. Nf3 Nf6 2. c4 g6 3. Nc3 d5 4. cxd5 Nxd5 5. h4 Bg7 6. h5 Nxc3 7. bxc3 c5 8. g3
Bd7 9. Bg2 Bc6 10. Qb3 O-O 11. hxg6 hxg6 12. Qc4 Nd7 13. Qh4 Nf6 14. d3 Qa5 15.
Bd2 Rfe8 16. Kf1 Qa4 17. c4 Nh5 18. Re1 Qxa2 19. Be3 e5 20. g4 e4 21. Ng5 exd3
22. Bxc6 bxc6 23. gxh5 d2 24. Rd1 Rxe3 25. fxe3 Qc2 26. Kf2 f6 27. Qe4 1-0

[Event "Charity Cup KO 2022"]
[Site "chess24.com INT"]
[Date "2022.03.23"]
[Round "1.13"]
[White "Anton Guijarro, David"]
[Black "Duda, Jan-Krzysztof"]
[Result "1/2-1/2"]
[WhiteTitle "GM"]
[BlackTitle "GM"]
[WhiteElo "2694"]
[BlackElo "2750"]
[WhiteFideId "2285525"]
[BlackFideId "1170546"]
[EventDate "2022.03.23"]
[EventType "k.o."]

1. Nf3 d5 2. c4 e6 3. e3 Nf6 4. Nc3 Be7 5. b3 O-O 6. Bb2 c5 7. cxd5 exd5 8. d4
Nc6 9. Be2 Ne4 10. dxc5 Qa5 11. Rc1 Bf6 12. Nd4 Nxc5 13. Nxc6 bxc6 14. O-O Ne4
15. Qe1 Nxc3 16. Bxc3 Bxc3 17. Qxc3 Qxa2 18. Rc2 Qa3 19. Ra1 Qe7 20. Qxc6 Be6
21. Qc7 Qb4 22. Qc3 Rfb8 23. Qxb4 Rxb4 24. Rc3 d4 25. exd4 Rxd4 26. Bf3 Rad8 27.
h3 Rb4 28. Rxa7 Rxb3 29. Rxb3 Bxb3 30. Ra8 Rxa8 31. Bxa8 h6 32. g3 Kf8 33. h4 f6
34. Bb7 g5 35. hxg5 hxg5 36. f4 gxf4 37. gxf4 Ke7 38. Kf2 Kd6 39. Ke3 Be6 40.
Bf3 Bd7 41. Be4 Be6 42. Bf3 Bd7 43. Be4 Be6 44. Bf3 1/2-1/2

[Event "Charity Cup KO 2022"]
[Site "chess24.com INT"]
[Date "2022.03.23"]
[Round "1.13"]
[White "Ding, Liren"]
[Black "Van Foreest, Jorden"]
[Result "1-0"]
[WhiteTitle "GM"]
[BlackTitle "GM"]
[WhiteElo "2799"]
[BlackElo "2714"]
[WhiteFideId "8603677"]
[BlackFideId "1039784"]
[EventDate "2022.03.23"]
[EventType "k.o."]

1. d4 d5 2. c4 c6 3. Nf3 Nf6 4. Nc3 e6 5. cxd5 exd5 6. Bg5 Be7 7. Qc2 g6 8. e3
Bf5 9. Bd3 Bxd3 10. Qxd3 Nbd7 11. O-O O-O 12. Rab1 a5 13. Qc2 Re8 14. a3 Nh5 15.
Bxe7 Qxe7 16. Na4 Nhf6 17. b4 axb4 18. axb4 Ne4 19. Nc5 Nd6 20. Ra1 Nb6 21. Nd2
Nbc4 22. Nxc4 Nxc4 23. Qc3 Nd6 24. h3 Kg7 25. Rxa8 Rxa8 26. Ra1 Qd8 27. Ra5 b6
28. Rxa8 Qxa8 29. Nd7 Ne4 30. Qc2 Qa1+ 31. Kh2 Qe1 32. Qxc6 Qxf2 33. Qc7 Qxe3
34. Qe5+ Kh6 35. Nxb6 f6 36. Nxd5 fxe5 37. Nxe3 exd4 38. Nc4 Kg5 39. b5 Nc5 40.
Kg3 Kf5 41. Kf3 Ke6 42. b6 Kd5 43. Na5 Nd7 44. b7 Kc5 45. Nb3+ Kc4 46. Nd2+ Kd5
47. Ne4 Kc6 48. Nf6 Nb8 49. Nxh7 Kxb7 50. Nf8 Kc6 51. Ke4 Kc5 52. Nxg6 Nd7 53.
Nf4 Nf6+ 54. Ke5 Nd7+ 55. Kf5 Kd6 56. Ke4 Kc5 57. Ne6+ Kc4 58. Nxd4 Nf6+ 59. Kf5
Nd5 60. Ke5 Nb4 61. Nf5 Nd3+ 62. Kf6 Nf4 63. h4 1-0

[Event "Charity Cup KO 2022"]
[Site "chess24.com INT"]
[Date "2022.03.23"]
[Round "1.13"]
[White "Carlsen, Magnus"]
[Black "Niemann, Hans Moke"]
[Result "1-0"]
[WhiteTitle "GM"]
[BlackTitle "GM"]
[WhiteElo "2864"]
[BlackElo "2642"]
[WhiteFideId "1503014"]
[BlackFideId "2093596"]
[EventDate "2022.03.23"]
[EventType "k.o."]

1. e4 e5 2. Nf3 Nc6 3. Bc4 Nf6 4. d3 Bc5 5. O-O O-O 6. h3 d6 7. c3 a5 8. Re1 h6
9. d4 Bb6 10. Bb3 Re8 11. Bc2 d5 12. exd5 Qxd5 13. Bb3 Qd6 14. Nbd2 e4 15. Nc4
Qd8 16. Nfe5 Be6 17. Bf4 Nd5 18. Rxe4 f5 19. Nxc6 bxc6 20. Rxe6 Rxe6 21. Be5 Qg5
22. Qf3 Rd8 23. Nxb6 cxb6 24. c4 Rxe5 25. dxe5 Nf4 26. c5+ Kh7 27. h4 Qxh4 28.
g3 Nh3+ 29. Kg2 Qg4 30. Qxg4 fxg4 31. cxb6 Ng5 32. e6 Kg6 33. e7 Re8 34. Re1 Nf3
35. Re3 Nd4 36. b7 Nf5 37. Re6+ 1-0

[Event "Charity Cup KO 2022"]
[Site "chess24.com INT"]
[Date "2022.03.23"]
[Round "1.14"]
[White "Navara, David"]
[Black "Le, Quang Liem"]
[Result "1/2-1/2"]
[WhiteTitle "GM"]
[BlackTitle "GM"]
[WhiteElo "2700"]
[BlackElo "2709"]
[WhiteFideId "309095"]
[BlackFideId "12401137"]
[EventDate "2022.03.23"]
[EventType "k.o."]

1. e4 e5 2. Nf3 Nc6 3. Bc4 Nf6 4. d3 Bc5 5. O-O d6 6. c3 a6 7. a4 Ba7 8. Be3
Bxe3 9. fxe3 O-O 10. a5 Be6 11. Bxe6 fxe6 12. Nbd2 Qe8 13. Qb3 Rb8 14. h3 h6 15.
d4 Kh7 16. Rf2 exd4 17. exd4 e5 18. Qc2 Nh5 19. Nc4 Kh8 20. Re1 Nf4 21. Qd2 Qh5
22. Ref1 Qg6 23. Kh2 Qxe4 24. b3 Nd3 25. Re2 Qf4+ 26. Qxf4 Nxf4 27. Ree1 exd4
28. Nxd4 Nxd4 29. cxd4 Nd5 30. Kg3 Rxf1 31. Rxf1 Re8 32. Rf7 Kg8 33. Rd7 Kf8 34.
Nd2 Re7 35. Rd8+ Re8 36. Rd7 Re7 37. Rd8+ Re8 38. Rd7 1/2-1/2

[Event "Charity Cup KO 2022"]
[Site "chess24.com INT"]
[Date "2022.03.24"]
[Round "2.11"]
[White "Le, Quang Liem"]
[Black "Duda, Jan-Krzysztof"]
[Result "0-1"]
[WhiteTitle "GM"]
[BlackTitle "GM"]
[WhiteElo "2709"]
[BlackElo "2750"]
[WhiteFideId "12401137"]
[BlackFideId "1170546"]
[EventDate "2022.03.23"]
[EventType "k.o."]

1. Nf3 d5 2. d4 Nf6 3. c4 e6 4. Nc3 Be7 5. Bf4 O-O 6. e3 b6 7. Be2 dxc4 8. Bxc4
Bb7 9. O-O a6 10. Qe2 b5 11. Bd3 Nbd7 12. Rfd1 Bd6 13. Ne5 Qe7 14. Rac1 Rfd8 15.
Bg3 h6 16. e4 Bxe5 17. dxe5 Ne8 18. Bb1 Nb6 19. f4 Rxd1+ 20. Nxd1 Rd8 21. Bf2
Qb4 22. Bc5 Qd2 23. Qxd2 Rxd2 24. Be3 Rd8 25. b3 Nd7 26. Kf1 c5 27. Nf2 Rc8 28.
g3 h5 29. Ke2 f6 30. exf6 gxf6 31. g4 hxg4 32. Nxg4 Kf7 33. Rg1 c4 34. b4 a5 35.
a3 axb4 36. axb4 Ra8 37. h4 Ng7 38. Nh6+ Kf8 39. Bd4 Ra3 40. Rd1 Rh3 41. Bf2 Ke8
42. Nf7 Bc6 43. Nd6+ Kd8 44. f5 exf5 45. Rg1 Nh5 46. Rg8+ Ke7 47. Nxf5+ Kf7 48.
Nh6+ Ke6 49. Re8+ Kd6 50. Nf5+ Kc7 51. Rh8 Nf4+ 52. Kd2 c3+ 53. Kc1 Rh1+ 54. Kc2
Bxe4+ 55. Kxc3 Rxb1 56. Bg3 Bxf5 57. Bxf4+ Kc6 58. h5 Nb6 59. Rf8 Nd5+ 60. Kd2
Rxb4 61. Be5 fxe5 62. Rxf5 Kd6 0-1

[Event "Charity Cup KO 2022"]
[Site "chess24.com INT"]
[Date "2022.03.24"]
[Round "2.11"]
[White "Carlsen, Magnus"]
[Black "Ding, Liren"]
[Result "1/2-1/2"]
[WhiteTitle "GM"]
[BlackTitle "GM"]
[WhiteElo "2864"]
[BlackElo "2799"]
[WhiteFideId "1503014"]
[BlackFideId "8603677"]
[EventDate "2022.03.23"]
[EventType "k.o."]

1. e3 Nf6 2. Nf3 d5 3. c4 e6 4. Nc3 Be7 5. b3 O-O 6. Bb2 c5 7. cxd5 exd5 8. d4
Nc6 9. Be2 Ne4 10. dxc5 Qa5 11. Rc1 Bf6 12. Nd4 Nxc5 13. Nxc6 bxc6 14. Qd2 Ba6
15. Nd1 Qxd2+ 16. Kxd2 Ne4+ 17. Ke1 Bxe2 18. Kxe2 Rfc8 19. Bxf6 Nxf6 20. Nb2 c5
21. Rc2 Rc7 22. Rhc1 Rac8 23. Nd3 c4 24. Nb2 c3 25. Na4 d4 26. Rd1 dxe3 27. f3
Nh5 28. Kxe3 g5 29. g3 Nf6 30. Rd3 g4 31. Kf2 h5 32. Rcxc3 Kg7 33. b4 Rc4 34. a3
gxf3 35. Kxf3 Ng4 36. Nc5 Ne5+ 37. Ke2 Rxc3 38. Rxc3 Kg6 39. h3 Kf5 40. Ke3 Re8
41. Kd2 Rd8+ 42. Kc2 h4 43. gxh4 Rh8 44. b5 Rxh4 45. a4 Rb4 46. Kd2 Kf4 47. Rc1
Kg3 48. Rg1+ Kxh3 49. Rg5 Nf3+ 50. Kc3 Rxb5 51. Rf5 Kg4 52. Rxf7 Rxc5+ 53. Kb4
Rc1 54. Rxa7 Kf4 55. Rh7 Nd4 56. a5 Ra1 57. Rh6 Ke5 58. a6 Kd5 59. Rh5+ Kd6 60.
Rh6+ Ne6 61. Kb5 Rb1+ 62. Ka5 Kc5 63. Rh5+ Kc6 64. Rh6 Ra1+ 65. Kb4 Kd5 66. Rh5+
Kd6 67. Ra5 Rb1+ 68. Kc3 Nc7 69. a7 Na8 70. Kc2 Rb7 71. Ra3 Rh7 72. Kc3 Kc6 73.
Ra1 Kb7 74. Kd2 Nb6 75. Kc3 Ka8 76. Kd4 Nc8 77. Ke4 Nxa7 78. Kd4 Kb7 79. Ke4 Nb5
80. Rb1 Kc6 81. Rc1+ Kd6 82. Rc8 Rh4+ 83. Ke3 Kd5 84. Rd8+ Nd6 85. Rd7 Ke6 86.
Ra7 Nc4+ 87. Kd3 Ne5+ 88. Ke3 Kf5 89. Ra5 Re4+ 90. Kd2 Kf4 91. Ra8 Rc4 92. Rf8+
Ke4 93. Re8 Rc7 94. Kd1 Kd4 95. Kd2 Ke4 96. Kd1 Kf4 97. Kd2 Rc5 98. Rf8+ Ke4 99.
Re8 Rd5+ 100. Ke2 Rd6 101. Ke1 Ra6 102. Kd2 Ra3 103. Kc2 Kd4 104. Rd8+ Ke4 105.
Re8 Re3 106. Kd2 Rd3+ 107. Ke2 Re3+ 108. Kd2 Rd3+ 109. Ke2 Re3+ 110. Kd2 1/2-1/2

[Event "Charity Cup KO 2022"]
[Site "chess24.com INT"]
[Date "2022.03.24"]
[Round "2.22"]
[White "Duda, Jan-Krzysztof"]
[Black "Le, Quang Liem"]
[Result "1/2-1/2"]
[WhiteTitle "GM"]
[BlackTitle "GM"]
[WhiteElo "2750"]
[BlackElo "2709"]
[WhiteFideId "1170546"]
[BlackFideId "12401137"]
[EventDate "2022.03.23"]
[EventType "k.o."]

1. Nf3 d5 2. g3 g6 3. Bg2 Bg7 4. d4 c6 5. O-O Nf6 6. b3 O-O 7. Bb2 a5 8. c4 a4
9. Ne5 Be6 10. Nc3 dxc4 11. Nxa4 Nbd7 12. Nxd7 Nxd7 13. d5 Bxb2 14. Nxb2 cxd5
15. Bxd5 c3 16. Nc4 Nc5 17. Bxe6 Nxe6 18. a4 Qxd1 19. Rfxd1 b5 20. Ne3 Rfb8 21.
Rac1 bxa4 22. bxa4 Rxa4 23. Rxc3 Ra2 24. Rc2 Rxc2 25. Nxc2 Rb2 26. Rc1 Kg7 27.
Kf1 h5 28. h4 Rb7 29. Ne1 Nd4 30. Rd1 Nf5 31. Nf3 Nd6 32. Ng5 Rb4 33. Nf3 Rb7
34. Ng5 Rb4 35. Nf3 Rb7 1/2-1/2

[Event "Charity Cup KO 2022"]
[Site "chess24.com INT"]
[Date "2022.03.24"]
[Round "2.22"]
[White "Ding, Liren"]
[Black "Carlsen, Magnus"]
[Result "1/2-1/2"]
[WhiteTitle "GM"]
[BlackTitle "GM"]
[WhiteElo "2799"]
[BlackElo "2864"]
[WhiteFideId "8603677"]
[BlackFideId "1503014"]
[EventDate "2022.03.23"]
[EventType "k.o."]

1. d4 d5 2. c4 e6 3. Nc3 c5 4. e3 Nf6 5. Nf3 a6 6. cxd5 exd5 7. Be2 Nc6 8. O-O
cxd4 9. exd4 Be7 10. Ne5 O-O 11. Bf4 Bf5 12. Nxc6 bxc6 13. Rc1 Bd6 14. Bxd6 Qxd6
15. Na4 a5 16. Nc5 Rfe8 17. Re1 h5 18. Qd2 Ne4 19. Nxe4 Rxe4 20. f3 Re6 21. Bf1
Qb4 22. Red1 Rb8 23. b3 Qxd2 24. Rxd2 Rb4 25. Be2 a4 26. bxa4 Rxa4 27. Rc3 Kf8
28. Kf2 Ke7 29. Bd1 Rc4 30. Ra3 Kd6 31. Ra8 Rc3 32. Be2 Ree3 33. a4 Ra3 34. a5
Reb3 35. a6 g6 36. h4 Ke7 37. Ra7+ Bd7 38. f4 Kd6 39. f5 Rb8 40. f6 Ke6 41. Rd3
Ra2 42. Re3+ Kd6 43. Re7 Bg4 44. Rab7 Rxb7 45. axb7 Rb2 46. b8=Q+ Rxb8 47. Bxg4
hxg4 48. Rxf7 Rb2+ 49. Kg3 Ke6 50. Rc7 Kxf6 51. Rxc6+ Kf5 52. Rd6 Rb3+ 53. Kh2
Rb5 54. Kg3 Rb3+ 55. Kh2 Rb5 56. Kg3 Rb3+ 1/2-1/2

[Event "Charity Cup KO 2022"]
[Site "chess24.com INT"]
[Date "2022.03.24"]
[Round "2.23"]
[White "Le, Quang Liem"]
[Black "Duda, Jan-Krzysztof"]
[Result "1/2-1/2"]
[WhiteTitle "GM"]
[BlackTitle "GM"]
[WhiteElo "2709"]
[BlackElo "2750"]
[WhiteFideId "12401137"]
[BlackFideId "1170546"]
[EventDate "2022.03.23"]
[EventType "k.o."]

1. Nf3 Nf6 2. c4 e6 3. Nc3 d5 4. d4 c5 5. cxd5 Nxd5 6. e4 Nxc3 7. bxc3 cxd4 8.
cxd4 Bb4+ 9. Bd2 Bxd2+ 10. Qxd2 O-O 11. Rd1 b6 12. h4 Bb7 13. Bd3 Nc6 14. Bb1
Ba6 15. e5 Qd5 16. Ng5 h6 17. Bh7+ Kh8 18. Be4 Qb5 19. f3 Rad8 20. Bxc6 Qxc6 21.
Ne4 Rd5 22. Kf2 Bc4 23. a3 b5 24. Qe3 Qb6 25. Nf6 Rdd8 26. Rh3 b4 27. Rg3 bxa3
28. Qe4 gxf6 29. Qf4 Kh7 30. Qxf6 Rg8 31. Qxf7+ Kh8 32. Qf6+ Kh7 33. Qf7+ Kh8
34. Qf6+ Kh7 35. Qe7+ Kh8 36. Qf6+ 1/2-1/2

[Event "Charity Cup KO 2022"]
[Site "chess24.com INT"]
[Date "2022.03.24"]
[Round "2.24"]
[White "Duda, Jan-Krzysztof"]
[Black "Le, Quang Liem"]
[Result "1/2-1/2"]
[WhiteTitle "GM"]
[BlackTitle "GM"]
[WhiteElo "2750"]
[BlackElo "2709"]
[WhiteFideId "1170546"]
[BlackFideId "12401137"]
[EventDate "2022.03.23"]
[EventType "k.o."]

1. Nf3 Nf6 2. g3 b5 3. Bg2 Bb7 4. O-O e6 5. b3 c5 6. c4 b4 7. a3 a5 8. Bb2 Be7
9. d4 O-O 10. axb4 cxb4 11. Nbd2 d6 12. Qc2 Qc7 13. e4 Rc8 14. e5 dxe5 15. Nxe5
Bxg2 16. Kxg2 Nc6 17. f4 Nd7 18. Ng4 Nb6 19. f5 Qd7 20. f6 h5 21. Nh6+ gxh6 22.
fxe7 f5 23. d5 Nxe7 24. Qd3 Ng6 25. Qd4 Nxd5 26. cxd5 Rc2 27. Rf2 e5 28. Qb6
Qxd5+ 29. Nf3 Rc6 30. Qb7 Rac8 31. Qa7 Rc2 32. Re1 Rxf2+ 33. Kxf2 Rc2+ 34. Re2
Qxb3 35. Qb8+ Kh7 36. Qb7+ Kg8 37. Qb8+ Kh7 38. Qb7+ Kg8 39. Qb8+ 1/2-1/2

[Event "Charity Cup KO 2022"]
[Site "chess24.com INT"]
[Date "2022.03.24"]
[Round "2.24"]
[White "Ding, Liren"]
[Black "Carlsen, Magnus"]
[Result "0-1"]
[WhiteTitle "GM"]
[BlackTitle "GM"]
[WhiteElo "2799"]
[BlackElo "2864"]
[WhiteFideId "8603677"]
[BlackFideId "1503014"]
[EventDate "2022.03.23"]
[EventType "k.o."]

1. d4 d5 2. c4 e6 3. Nc3 c6 4. Nf3 Nf6 5. Bg5 Be7 6. e3 Nbd7 7. Qc2 h6 8. Bf4
Nh5 9. Be5 Nhf6 10. Bg3 Nh5 11. O-O-O Nxg3 12. hxg3 dxc4 13. Bxc4 b5 14. Bd3 Bb7
15. Kb1 Qb6 16. g4 a6 17. g5 O-O-O 18. gxh6 Rxh6 19. Rxh6 gxh6 20. Be2 f5 21. e4
fxe4 22. Nxe4 Kb8 23. Rc1 Qc7 24. a3 Qf4 25. Nfd2 c5 26. g3 Qf5 27. dxc5 Nxc5
28. Bf3 Rc8 29. Nxc5 Rxc5 30. Qxf5 Rxc1+ 31. Kxc1 exf5 32. Bxb7 Kxb7 33. Nf3 Bc5
34. Nh4 f4 35. g4 Bxf2 36. Nf5 f3 37. Kd2 Kc6 38. Nxh6 Kd5 39. g5 Ke4 40. g6
Be3+ 0-1